000 00835nam a22002177a 4500
999 _c436
_d436
003 AR-CdUCM
008 190223b ||||| |||| 00| 0 spa d
040 _aMUNICIPALIDAD PROVINCIAL DEL CUSCO
_cBIBLIOTECA MUNICIPAL DEL CUSCO
082 _a985.019 /
_bV21
100 _aValenzuela Lovón, Armando
_91192
245 _aSabiduría inka /
260 _aCusco :
_bJL Editores ,
_c2011.
300 _a392 páginas ;
_bfotografías.
_c20 cm.
500 _anota de donación para la biblioteca.
505 _aPresencia histórica de la raza quechua -- Origen y elocución del biotipo -- Características semejantes a los asiáticos -- Otras migraciones del Perú... ..
650 _ahistoria del Cusco.
_91714
650 _aProducción carrasqueña.
_91715
650 _aRaza inka.
_91716
942 _2ddc
_cLIBROS
945 _awfj
_d2019-02-23